| 000 | 00868nam a22002537a 4500 | ||
|---|---|---|---|
| 005 | 20150427102827.0 | ||
| 008 | 150421t2015 moua frb 001 0 eng d | ||
| 020 | _a9780323225908 | ||
| 040 | _aEG-ScBUE | ||
| 082 | 0 | 4 |
_222 _a618.9201 _bCOR |
| 245 | 0 | 0 |
_aCore curriculum for neonatal intensive care nursing / _cedited by M. Terese Verklan, Marlene Walden. |
| 250 | _a5th ed. | ||
| 260 |
_aMissouri : _bElsevier / Saunders, _cc.2015. |
||
| 300 |
_axxv, 915 p. : _bill. ; _c26 cm. |
||
| 500 | _aIndex : p. 869-915. | ||
| 504 | _aIncludes bibliographical references. | ||
| 650 | 0 |
_2BUEsh _aNeonatal intensive care _xOutlines, syllabi, etc. _937676 |
|
| 651 | _2BUEsh | ||
| 653 |
_bNNUR _cApril2015 |
||
| 655 |
_vreading book _934232 |
||
| 700 | 1 |
_aVerklan, M. Terese _eeditor. _937677 |
|
| 700 | 1 |
_aWalden, Marlene _d1956- _eeditor. _937678 |
|
| 942 |
_2ddc _k618.9201 COR |
||
| 999 |
_c19207 _d19179 |
||